000
00335nam a2200121 a 4500
008
101208s1976|||| d
100
1
_a
Jarušek, F.
245
1
0
_a
Základy reprodukčnej fotografie
260
_b
Vydavateľstvo technickej a ekonomickej literatúry
_a
Bratislava
_c
1976
020
_c
17
041
_a
slo
044
_a
xo
_c
SK
999
_c
14916
_d
14916